Happy families (Record no. 239451)
[ view plain ]
| 000 -LEADER | |
|---|---|
| fixed length control field | 01412nam a2200313 a 4500 |
| 082 04 - DEWEY DECIMAL CLASSIFICATION NUMBER | |
| Classification number | 649/.1 |
| 245 00 - TITLE STATEMENT | |
| Title | Happy families |
| 260 ## - PUBLICATION, DISTRIBUTION, ETC. (IMPRINT) | |
| Place of publication | london ; |
| -- | New York, NY : |
| Name of publisher | Network Continuum, |
| Year of publication | c2008. |
| 300 ## - PHYSICAL DESCRIPTION | |
| Number of Pages | viii, 138 p. : |
| Other physical details | ill. |
| 505 0# - FORMATTED CONTENTS NOTE | |
| Formatted contents note | An elephant on my shoulder : the burden of parenthood / Trisha Lee -- Three golden apples : the importance of sharing stories / Steve Bowkett -- The family that plays together : the joy of making music / Tim Harding -- Act your age! : the path to maturity / Roy Leighton. |
| 650 #0 - SUBJECT ADDED ENTRY--TOPICAL TERM | |
| Topical Term | Parenting. |
| Topical Term | Parent and child. |
| 700 1# - ADDED ENTRY--PERSONAL NAME | |
| Personal name | Bowkett, Stephen. |
| 856 40 - ELECTRONIC LOCATION AND ACCESS | |
| Uniform Resource Identifier | http://site.ebrary.com/lib/rucke/Doc?id=10427592 |
No items available.
